Tilastot visalle Kaupunkeja monivalintapoulou

Klikkaa tästä pelataksesi tätä visaa!

Yleistilastot

  • Tätä visaa on pelattu 15 kertaa
  • Keskiarvotulos 1 / 7

Vastaustilastot

KysymysVastaus% Oikein
SakellaLou
60%
Huono kysymysJong-Un kim
30%
Oikea nimiReceppi erdogani
10%
Mikä näistä kaupungeista on Euroopassa?
0%
Sakella ro pouloupoloiLou
0%
Recep tayyip Erdogan oikea nimiRecep tayyip Erdogan
0%
Oho kysymysTerinilopuolu
0%

Tulosjakauma

Persentiili vastausten määrän mukaan

Jokaisen tuloksen saaneiden osuus

Tuloshistoriasi

Et ole pelannut tätä visaa